Statistics for Boston Celtics All-Time Starting 5

Click here to take the quiz!

General Stats

  • This quiz has been taken 148 times
  • The average score is 5 of 7

Answer Stats

Position Player % Correct
SFLarry Bird
97%
CBill Russell
91%
PFKevin McHale
85%
PGBob Cousy
79%
6th ManPaul Pierce
70%
SGJohn Havlicek
67%
CoachRed Auerbach
46%

Score Distribution

Percentile by Number Answered

Percent of People with Each Score

Your Score History

You have not taken this quiz